1100 1817 1090 1242 1626 1294 1274 1364 1656 1956 1951 1457 1818 1744 1421 1404 1540 1859 1622 1288 1037 1449 1640 1390 1368 1433 1233 1410 1340 1990 1105 1282 1614 1275 1242 1483 1144 1593 1745 1080 1328 1431 1403 1613 1995 1505 1996 1745 1929 1846 1582 1452 1260 1512 1026 1117 1106 1917 1390 1253 1132 1484 1545 1738 1248 1644 1912 1558 1140 1176 1662 1522 1843 1277 1968 1617 1288 1228 1330 1306 1549 1408 1046 1632 1035 1353 1102 1465 1312 1179 1272 1380 1898 1393 1574 1805 1649 1583 1179 BCNSPRNW ULIB Ver.6.0+V

เปลี่ยนเป็นภาษาไทย

Change to English
 แสดงรายละเอียดบรรณานุกรม
  กลับหน้าหลัก

Brief Record : Get Marc (ISO 2709) : E-mail record : QR code < ปิดหน้าต่าง
LEADER : 00000nam 2200000uu 4500
001    13399121429
003     ULIB
008    110609s2546 th 000 p tha d
020    ^a9789749166178
090    ^aรส.^bว484น 2546
100 0  ^aวารี วายุ
245 10 ^aนักฝันข้างถนนและงานคัดสรร /^cวารี วายุ
250    ^aพิมพ์ครั้งที่ 1
260    ^aกรุงเทพฯ :^bมูลนิธิสถาบันวิชาการ 14 ตุลา,^c2546
300    ^a92 หน้า ;^c21 ซม.
490 0  ^aหนังสือชุด''''''''ตุลาวรรณกรรม''''''''
500    ^aฉลองครบรอบ 30 ปี 14 ตุลา : 2516-2546 ร่วมวาระประวัติศาสตร์''''''''''''''''วัน 14 ตุลา ประชาธิปไตย''''''''''''''''
650  4 ^aกวีนิพนธ์ไทย
650  4 ^aเรื่องสั้นไทย^xรวมเรื่อง
710 2  ^aมูลนิธิสถาบันวิชาการ 14 ตุลา
945    ^p0^l0^i14365
995    ^aกัณชพร
999    ^aกัณชพร
รายการนี้ยังไม่มีแท็ก
คุณยังไม่ได้ล็อกอิน คุณสามารถมีกิจกรรมร่วมกับเว็บไซต์ได้ แต่ต้องล็อกอินก่อน ::
  ล็อกอิน

รายการสื่อสารสนเทศ

ลำดับที่ ประเภท เลขเรียก/บาร์โค้ด สถานที่ สถานะ
1. วิทยาศาสตร์การแพทย์ และสุขภาพ
วิทยาศาสตร์การแพทย์ และสุขภาพ
รส. ว484น 2546  
  Barcode: 14365
ห้องสมุดวิทยาเขตสวรรค์ประชารักษ์
►นวนิยาย
บนชั้น
  ขอยืม

รายการใกล้เคียง
    หัวเรื่อง [กวีนิพนธ์ไทย]

BibComment


ยังไม่เคยถูกคอมเมนท์

คอมเมนท์ทรัพยากรรายการนี้
  คอมเมนท์: นักฝันข้างถนนและ..


 Copyright 2026. Bcnsprnw @Library